Countries with Turkish Military Bases - Statistics

General Stats
  • This quiz has been taken 19 times
  • The average score is 8 of 12
Answer Stats
Continent Answer % Correct
Europe/Asia Azerbaijan
87%
Asia Iraq
80%
Asia Syria
80%
Europe Bosnia and Herzegovina
73%
Asia Cyprus
73%
Europe Albania
67%
Africa Libya
67%
Europe Kosovo
60%
Africa Sudan
60%
Africa Chad
53%
Asia Qatar
47%
Africa Somalia
40%
No matching quizzes found
Score Distribution
Percent of People with Each Score
Percentile by Number Answered
Your Score History
You have not taken this quiz